000 00542ntaaa2200193 4500
003 01
005 20251027202445.0
008 0714s1973 ag 01
040 _aAR-BaBN
_bspa
_cAR-BaBN
_eaacr
_dRIC
082 _a266.0900 Su6
100 _aSummers, Jester
_920867
245 _aDios ama a todos; material para maestros.
250 _a1 ed.
260 _aBuenos Aires :
_bJunta Bautista de Publicaciones,
_c1965
300 _a70 p.
500 _aserie de lecciones misioneras para niños de 4 a 8 años
650 _aMisiones
942 _cBK
999 _c19584
_d19584